Loading...

Veera sundhari /

Bibliographic Details
Main Author: Neelakandan Paramara
Format: Printed Book
Language:Malayalam
Published: Sree Lakshmi Vilasam , 1957.
LEADER 00415nam a2200133Ia 4500
008 150624b xxu||||| |||| 00| | mal d
100 |a Neelakandan Paramara 
245 |c Neelakandan Paramara  |a Veera sundhari / 
260 |b Sree Lakshmi Vilasam ,  |c 1957. 
300 |a 166 p. 
546 |a In Malayalam. 
942 |c BK 
999 |c 74680  |d 74680 
952 |0 1  |1 0  |4 0  |7 0  |9 74626  |a UL  |b UL  |c ST1  |d 1998-09-15  |l 0  |p 19822  |r 2012-10-27  |w 2012-10-27  |y BK